[Event "La Paz Fundacion op"]
[Site "La Paz"]
[Date "2017.10.22"]
[Round "5"]
[White "Meza Crespo, Dario"]
[Black "Bracamonte, Rommel"]
[Result "1-0"]
[WhiteElo "1836"]
[BlackElo "1286"]
[PlyCount "41"]
[EventDate "2017.10.21"]
[EventType "swiss"]
[EventRounds "6"]
[EventCountry "BOL"]
[SourceTitle "CBM 181 Extra"]
[Source "ChessBase"]
[SourceDate "2017.12.12"]
[SourceVersion "1"]
[SourceVersionDate "2017.12.12"]
[SourceQuality "1"]

1. e4 c5 2. Nf3 d6 3. d4 cxd4 4. Nxd4 Nf6 5. Nc3 g6 6. Be3 Bg7 7. f3 Nc6 8. Qd2 0-0 9. 0-0-0 d5 10. Kb1 dxe4 11. Nxc6 Qxd2 12. Nxe7+ Kh8 13. Bxd2 Re8 14. Ned5 Nxd5 15. Nxd5 Rd8 16. Ne3 Bh6 17. Bc4 exf3 18. Bc3+ Rd4 19. Rxd4 f6 20. Rd8+ Bf8 21. Bxf6# 1-0

[Event "La Paz Primera Categoria Adalp"]
[Site "La Paz"]
[Date "2017.02.02"]
[Round "6.12"]
[White "Bracamonte, Rommel"]
[Black "Viquini Serrano, Juan De Dios"]
[Result "0-1"]
[WhiteElo "1284"]
[BlackElo "1439"]
[PlyCount "102"]
[EventDate "2017.01.26"]
[EventType "swiss"]
[EventRounds "7"]
[EventCountry "BOL"]
[SourceTitle "EXT 2024"]
[Source "ChessBase"]
[SourceDate "2023.10.10"]
[SourceVersion "1"]
[SourceVersionDate "2023.10.10"]
[SourceQuality "1"]

1. e4 c5 2. Nf3 d6 3. d4 cxd4 4. Nxd4 Nf6 5. Nc3 g6 6. Be3 Bg7 7. f3 Nc6 8. Qd2 0-0 9. Bc4 Bd7 10. 0-0-0 Qa5 11. Bb3 Rfc8 12. Kb1 Ne5 13. g4 Nc4 14. Bxc4 Rxc4 15. h4 Rac8 16. Nb3 Qa6 17. Qd3 R4c6 18. Qd4 Nxg4 19. Qxa7 Qxa7 20. Bxa7 Ne5 21. Nd5 Kf8 22. Nd4 Ra6 23. Bb6 e6 24. Nb3 exd5 25. Bd4 dxe4 26. Bxe5 Bxe5 27. Rhe1 exf3 28. Rxe5 dxe5 29. Rxd7 f2 30. Rd1 Rf6 31. Rf1 Rc4 32. Nd2 Rd4 33. Kc1 Rxh4 34. Kd1 Rd4 35. Ke2 h5 36. Nf3 Re4+ 37. Kxf2 Rxf3+ 38. Kxf3 Rf4+ 39. Kg2 Rxf1 40. Kxf1 f5 41. c4 Ke7 42. b4 Kd6 43. a4 Kc6 44. b5+ Kb6 45. Ke2 Kc5 46. a5 h4 47. a6 bxa6 48. bxa6 Kb6 49. c5+ Kxa6 50. c6 Kb6 51. c7 Kxc7 0-1

[Event "La Paz Primera Categoria Adalp"]
[Site "La Paz"]
[Date "2017.01.30"]
[Round "3.16"]
[White "Silva Pardo, Hanns"]
[Black "Bracamonte, Rommel"]
[Result "0-1"]
[WhiteElo "1147"]
[BlackElo "1284"]
[PlyCount "45"]
[EventDate "2017.01.26"]
[EventType "swiss"]
[EventRounds "7"]
[EventCountry "BOL"]
[SourceTitle "EXT 2024"]
[Source "ChessBase"]
[SourceDate "2023.10.10"]
[SourceVersion "1"]
[SourceVersionDate "2023.10.10"]
[SourceQuality "1"]

1. e4 c5 2. Nf3 d6 3. d4 cxd4 4. Nxd4 Nf6 5. Nc3 g6 6. Be3 Bg7 7. f3 Nc6 8. Qd2 0-0 9. Bf4 Bd7 10. 0-0-0 Qa5 11. Nb3 Qc7 12. Be2 Rfc8 13. g4 Ne5 14. Kb1 Nc4 15. Bxc4 Qxc4 16. h4 b5 17. Ne2 Bxg4 18. fxg4 Nxe4 19. Qd3 Qe6 20. h5 b4 21. hxg6 hxg6 22. Nbd4 Qxg4 23. Rdg1 0-1